000 01069nam a22002297a 4500
003 NALT
005 20230313085941.0
008 s2557 th tha d
020 _a9789746414999
040 _aNALT
041 _atha
090 _aAZ 670.T5
_bศ529ห 2557
110 2 _aมหาวิทยาลัยศิลปากร.
_bสำนักหอสมุดกลาง
_930996
245 1 0 _aหนังใหญ่วัดขนอน /
_cสำนักหอสมุดกลาง มหาวิทยาลัยศิลปากร.
260 _aกรุงเทพฯ :
_bสำนักหอสมุดกลาง มหาวิทยาลัยศิลปากร,
_c2557.
300 _a370 หน้า :
_bภาพประกอบ ;
_c30 ซม.
650 4 _aไทใหญ่
_913354
_xประวัติศาสตร์
650 4 _aหนังใหญ่
_931021
_zวัดขนอน (ราชบุรี)
850 _aNALT
942 _cREF
_2local
996 _asaiphon.d
_bCATSTF
_c2023-03-13
999 _c72044
_d72044
998 _j104
_k นางสาวสายฝน ดีงาม